LEADER 01252nam a2200301 a 4500 001 000000149143 003 CaOOAMICUS 005 20160205111338.0 008 160205s2014 enkaf u000 u eng r 020 $a978-1-78076-760-4* 032 $aLibriCat 040 $aPUL$bita 082 04$a332.1 100 1 $aCockcroft, Laurence.$0(OLS)http://pul/name/95125 245 10$aGlobal corruption :$bmoney, power and ethics in the modern world /$cLaurence Cockcroft. 260 $aLondon :$bI.B. Tauris,$c©2014. 300 $axxv, 270 p., [4] c. di tav. :$bill. ;$c22 cm. 500 $aInclude indice. 504 $aBibliografia p. [253]-259. 650 4$aDenaro$xAspetti etici e sociali.$0(OLS)http://pul/subject/41487 850 $aPUL 852 $aPUL$W1$xSL Diritto e Scienze Sociali 3$y79$m332. 1 COCLA 1$j171810$qDDC 21$B173374$CPULBib$Z2$F173374 $H126964 $81 941 1 $a9 996 $6020$a978-1-78076-760-4*$9(OLS)http://pul/number/159545 996 $6082$a332.1$9(OLS)http://pul/classification/2881 996 $6245$aGlobal corruption :$bmoney, power and ethics in the modern world$9(OLS)http://pul/title/188045 996 $6260$aLondon :$bI.B. Tauris$9(OLS)http://pul/publisher/81786 LEADER 01728namaa2200337 i 4500 001 000000177262 003 CaOOAMICUS 005 20240918114002.0 006 a 000 u 007 tu 008 240918s2023 it hof m 000 u spa r 040 $aPUL$bita$erda 100 1 $aGonzález Murado, Óscar,$csacerdote,$d1976-,$eautore dissertazione.$0(OLS)http://pul/name/113988 245 10$aLecturas y lectores de la Biblioteca pública episcopal de Lugo (1771-1835) /$cÓscar González Murado. 264 1$aRoma :$b[s.n.],$c2023. 300 $axviii, 200 pagine :$bfacsimili, fotografie, tabelle ;$a24 cm 336 $atesto$btxt$2rdacontent 337 $asenza mediazione$bn$2rdamedia 338 $avolume$bnc$2rdacarrier 500 $aAllegato 1 CD-ROM con i cataloghi e gli inventari della "Biblioteca pública episcopal de Lugo". 502 $aEstratto di dissertazione: Pontificia Università Gregoriana, Facoltà di Storia e beni culturali della Chiesa, n. 7147. 504 $aBibliografia: pagine 171-183. 650 04$aBiblioteche ecclesiastiche$zSpagna Lugo.$0(OLS)http://pul/subject/46879 650 04$aBeni culturali$xTutela$zSanta Sede.$0(OLS)http://pul/subject/35380 710 2 $aPontificia Università Gregoriana.$bFacoltà di Storia e Beni culturali della Chiesa.$kTesi.$0(OLS)http://pul/name/82076 850 $aPUL 852 $aPUL$W1$xDP1 Tesi Pon. Univ. Gregoriana$y40$m2023 D 14$j201235$qTesi$B206217$CPULBib$Z2$F206217 $Hnull $82 941 1 $a16 996 $6245$aLecturas y lectores de la Biblioteca pública episcopal de Lugo (1771-1835)$9(OLS)http://pul/title/218768 996 $6264$aRoma :$b[s.n.]$9(OLS)http://pul/publisher/47958